Nature

Bibliographic Details
Format: Book
Published: London : Dorling Kindersley , 1991
Subjects:

MARC

LEADER 00000cam a2200000 7i4500
001 0000005828
002 000006300
005 20000330.0
020 |a 0863186076 
090 0 0 |a J 001   |b FIR 
245 0 0 |a Nature 
260 |a London :   |b Dorling Kindersley ,   |c 1991 
300 |a 27p. ;   |c 17cm. 
650 0 0 |a Nature   |x Juvenile literature 
999 |a 031096   |b BUKU   |c JUNIOR REFERENCE   |e PERPUSTAKAAN KOMUNITI PETALING JAYA